Lets learn Hangeul (Record no. 1112944)

MARC details
000 -LEADER
fixed length control field 00699nam a2200265Ia 4500
003 - CONTROL NUMBER IDENTIFIER
control field OSt
005 - DATE AND TIME OF LATEST TRANSACTION
control field 20221006160307.0
008 - FIXED-LENGTH DATA ELEMENTS--GENERAL INFORMATION
fixed length control field 221006b |||||||| |||| 00| 0 eng d
037 ## - SOURCE OF ACQUISITION
Terms of availability Textual
040 ## - CATALOGING SOURCE
Original cataloging agency EASL
Transcribing agency EASL
Language of cataloging eng
041 ## - LANGUAGE CODE
Source of code eng
Language code of text/sound track or separate title eng
245 #0 - TITLE STATEMENT
Title Lets learn Hangeul
Remainder of title Elementary Work book
260 ## - PUBLICATION, DISTRIBUTION, ETC.
Place of publication, distribution, etc. Seoul
Name of publisher, distributor, etc. Hawoo Korea
Date of publication, distribution, etc. 2012
300 ## - PHYSICAL DESCRIPTION
Extent 96p. CD - 1
Dimensions cm.
490 ## - SERIES STATEMENT
Volume/sequential designation KL
500 ## - GENERAL NOTE
General note Accompanying CD - 1
650 ## - SUBJECT ADDED ENTRY--TOPICAL TERM
Topical term or geographic name entry element KL
942 ## - ADDED ENTRY ELEMENTS (KOHA)
Classification part P495, Q2.1-1
Koha item type Textual
Source of classification or shelving scheme Colon Classification (CC)
Holdings
Withdrawn status Lost status Source of classification or shelving scheme Damaged status Not for loan Home library Current library Date acquired Source of acquisition Serial Enumeration / chronology Total Checkouts Full call number Barcode Date last seen Price effective from Koha item type
    Colon Classification (CC)     Department of East Asian Studies Library Department of East Asian Studies Library 2022-10-06 Gift, Koren Embassy KL   P495 Q2.1-1 EA1397610 2022-10-06 2022-10-06 Textual
Copyright @ Delhi University Library System